| 000 | 00706nam a2200229 a 4500 | ||
|---|---|---|---|
| 001 | 3653 | ||
| 003 | CDMR | ||
| 005 | 20131024105724.0 | ||
| 008 | 130130s1985||||||||||||||||||||||||||||d | ||
| 020 | _a8450526280 | ||
| 040 |
_aCDMR _bcat _cCDMR |
||
| 100 | 1 |
_aMc Leish, Robert _92600 |
|
| 245 | 1 | 0 |
_aTécnicas de creación y realización en radio _cRobert McLeish ; versión española: Eduardo Hernández Villaamil |
| 250 | _a2a ed. | ||
| 260 |
_aMadrid _c1985 _bInstituto Oficial de Radio y Televisión |
||
| 300 | _a292 p. | ||
| 490 | 0 | _aManuales Profesionales | |
| 650 | 0 | 4 |
_92384 _aRàdio _xTècnica |
| 650 | 0 | 4 |
_91724 _aRàdio _xProgramació |
| 650 | 0 | 4 |
_93531 _aProgrames d'entrevistes |
| 942 |
_cMON _2udc |
||
| 999 |
_c3653 _d3653 |
||